Day #80: Countries 8000 km away from Iraq - Statistics

General Stats
  • This quiz has been taken 10 times
  • The average score is 6 of 7
Answer Stats
Answer % Correct
Indonesia
89%
Russia
89%
Japan
78%
Malaysia
78%
Philippines
78%
South Africa
78%
Canada
67%
No matching quizzes found
Score Distribution
Percent of People with Each Score
Percentile by Number Answered
Your Score History
You have not taken this quiz